000 00319nam a22001217a 4500
082 _a291 MOU
100 _aMoucarry, Chawkat
245 _aA Christian Perspective on Islam
260 _aLondon
_bWorld Vision International
_c2008
300 _a65
650 _aCOMPARATIVE RELIGION - iSLAM AND CHRISTIANITY
942 _cBK
999 _c20135
_d20135